| 000 | 01029nam a22003257a 4500 | ||
|---|---|---|---|
| 001 | BR8005302 | ||
| 003 | BR-BrBNA | ||
| 005 | 20230928090718.0 | ||
| 007 | ta | ||
| 008 | 230509b bl.||||| |||| 00| 0 por d | ||
| 040 |
_aBR-BrBNA _bpor _cBiblioteca Nacional de Agricultura |
||
| 041 | _a(Por) | ||
| 072 |
_aF21 _b3920 _b0120 _b0180 _b0150 |
||
| 090 | _ 3920 BR8005302 | ||
| 100 | 1 | _aBaldani, V.L.D. | |
| 110 | 1 |
_aUniversidade Federal Rural do Rio de Janeiro, Itaguai (Brasil) _0Tese (Magister Scientiae) _911225 |
|
| 245 | 1 | _aEspecificidade na infeccao de raizes de milho, trigo e arroz por Azaspirillum spp. [bacteria] | |
| 260 | 3 |
_aItaguai, RJ (Brasil): _c1980. |
|
| 300 | _a116 p. | ||
| 500 | _aBibliography p. 97-116 (148 ref.); 11 tables; 18 graphs; Summaries (Por) | ||
| 650 | _aMILHO | ||
| 650 | _aTRIGO | ||
| 650 | _aARROZ | ||
| 650 | _aFIXACAO DE NITROGENIO | ||
| 650 | _aBACTERIA | ||
| 650 | _aCONTROLE QUIMICO | ||
| 650 | _aCONTROLE BIOLOGICO | ||
| 909 |
_a202309 _bLucia _c55 _dLucia Elande |
||
| 942 | _cBK | ||
| 999 |
_c30162 _d30162 |
||